000 01269nam0a22003251 4500
001 RU\INFOCOMM_486\NLR\5000002725
005 20250614081027.0
035 _a(NLR Aleph) 010625426
090 _a10617309
_c10617309
100 _a20130328d1966 |||y0rusy50 ca
101 0 _aeng
102 _aRU
105 _ay z||||
200 1 _aˆA ‰critique of the sociological justification of power politics and militarism
_eRapport [!] for VI International congress of sociology
_fB. Shabad
_gInst. of philosophy of the Acad. of sciences of the USSR. Soviet sociological assoc.
210 _aM.
_d1966
215 _a20 с.
_d21 см
300 _aНа с. 20: Критика социологического обоснования стратегии силы и милитаризма
309 _aОтпеч. множит. аппаратом
606 0 _aСоциология
_2nlr_sh1
620 _aМосква
686 _aФ4-490
_2rubbk
686 _aМ-Л4-300
_2rubbk
700 1 _9z01790
_aŠabad
_bB. A.
_gBoris Abramovič
712 1 2 _aWorld congress of sociology
_d6
_eEvian
_f1966
_4570
790 1 _9z01700
_aShabad
_bB.
_4070
801 1 _aRU
_bInfocomm
_c20130328
801 0 _aRU
_bINFOCOMM
_gPSBO
852 _aNLR
_jД01 Г-4/212
942 _cBOOK
980 _aNB